书目信息 |
| 题名: |
双凤奇缘
|
|
| 作者: | 雪樵主人 著 | |
| 分册: | ||
| 出版信息: | 北京 中国戏剧出版社 |
|
| 页数: | 302页 | |
| 开本: | 20cm | |
| 丛书名: | 中国古典小说名著百部 | |
| 单 册: | ||
| 中图分类: | I242 | |
| 科图分类: | ||
| 主题词: | 小说--中国 | |
| 电子资源: | ||
| ISBN: | 7-104-01285-0 | |
| 000 | 00647nam0 2200217 450 | |
| 001 | 1960216010 | |
| 005 | 20191122164447.56 | |
| 010 | @a7-104-01285-0@dCNY88.00 | |
| 100 | @a20191122d km y0chiy0120 ea | |
| 101 | 0 | @achi |
| 102 | @aCN@b110000 | |
| 200 | 1 | @a双凤奇缘@AShuang Feng Qi Yuan@f(清)雪樵主人著@F(Qing)Xue Qiao Zhu Ren Zhu |
| 210 | @a北京@c中国戏剧出版社 | |
| 215 | @a302页@d20cm | |
| 225 | 2 | @a中国古典小说名著百部 |
| 410 | 0 | @12001 @a中国古典小说名著百部 |
| 606 | 0 | @a小说@x中国 |
| 690 | @aI242@v4 | |
| 701 | 0 | @a雪樵主人@AXue Qiao Zhu Ren@4著 |
| 801 | 0 | @aCN@b大连网信软件有限公司图书馆·11@c20191122 |
| 905 | @aZUCC@dI242@eX654 | |
| 双凤奇缘/(清)雪樵主人著.-北京:中国戏剧出版社 |
| 302页;20cm.-(中国古典小说名著百部) |
| ISBN 7-104-01285-0:CNY88.00 |
| ● |
| 相关链接 |
|
|
|
正题名:双凤奇缘
索取号:I242/X654
 
预约/预借
| 序号 | 登录号 | 条形码 | 馆藏地/架位号 | 状态 | 备注 |
| 1 | 1452363 | 214523639 | 文学库108/108文学库 21排2列1层/ [索取号:I242/X654] | 在馆 |